000 00379nam a2200145Ia 4500
008 221030s9999 xx 000 0 und d
041 _aEnglish
082 _a105.23
_bMan
100 _aD. P. Mandal
245 0 _aEngineering Mechanics Statics & Dynamics
_cby D. P. Mandal
260 _bS. K. Kataria & Sons
_aNew Delhi
_c1999
300 _a329
650 _aMechanical
942 _cBK
999 _c912
_d912